000 00531nam a22001817a 4500
005 20251108165919.0
008 250721s2000 xx 000 0 ara d
082 1 4 _a005.133/نقر
100 1 _aالنقري، مهيب
245 1 0 _aتعرف على لغة SQL /
264 1 _aدمشق :
_bدار الرضا،
_c2000.
300 _a79ص
490 0 _aسلسلة الرضا التبسيط علوم الحاسوب ؛3
650 1 7 _aلغات البرمجة
650 1 7 _aالحواسيب
942 _2ddc
_cBK
999 _c34673
_d34673